Apuntes etnográficos sobre los indios del alto río Sinú (Registro nro. 14279)

Detalles MARC
000 -CABECERA
Campo de control 003750000a22001090004500
090 ## - CLASIFICACIÓN LOCAL
Colección AS
Consecutivo Seriadas
041 0# - IDIOMA
Código de idioma para texto/pista de sonido o título separado
100 1# - ASIENTO PRINCIPAL--NOMBRE PERSONAL
Nombre personal Reichel Dolmatoff, Gerardo
245 10 - MENCION DE TITULO
Título Apuntes etnográficos sobre los indios del alto río Sinú
773 1# - Item fuente:
Título Revista de la Academia Colombiana de Ciencias Exactas, Fisicas y Naturales
Especificación de materiales 32
Descripción física 45
Paginas del Articulo 29-40
Lugar, editorial y fecha de publicación 1963
Información sobre la relación 12
942 ## - ELEMENTOS ADICIONALES (KOHA)
Tipo de ítem Artículo

No hay ítems disponibles.